Statistics for Premier League Top Scorer by Country

Click here to take the quiz!

General Stats

  • This quiz has been taken 348 times
    (187 since last reset)
  • The average score is 32 of 102

Answer Stats

CountryGoalsAnswer% Correct
Algeria82Riyad Mahrez
93%
Egypt131Mohammed Salah
88%
Argentina184Sergio Aguero
88%
Belgium121Romelu Lukaku
83%
Korea Republic98Son Hueng-Min
83%
England260Alan Shearer
82%
Portugal103Cristiano Ronaldo
80%
France175Thierry Henry
79%
Ivory Coast104Didier Drogba
78%
Bosnia & Herzegovina50Edin Džeko
78%
Gabon69Pierre-Emerick Aubameyang
77%
Uuruguay69Luis Suárez
74%
Denmark53Christian Eriksen
73%
Bulgaria94Dimitar Berbatov
73%
Chile63Alexis Sánchez
71%
Republic of Ireland126Robbie Keane
70%
Netherlands144Robin van Persie
70%
Spain85Fernando Torres
68%
USA57Clint Dempsey
64%
Trinidad and Tobago123Dwight Yorke
61%
Mexico53Javier Hernández
61%
Wales109Ryan Giggs
61%
Senegal111Sadio Mané
61%
Cuba1Onel Hernández
60%
Brazil79Roberto Firmino
59%
New Zealand55Chris Wood
56%
Togo97Emmanuel Adebayor
56%
Armenia13Henrikh Mkhitaryan
56%
Serbia33Aleksandar Mitrović
54%
Austria43Marko Arnautović
53%
Ecuador24Antonio Valencia
52%
Jamaica59Michail Antonio
52%
Norway91Ole Gunnar Solskjær
52%
Iceland67Gylfi Sigurðsson
51%
Germany39İlkay Gündoğan
48%
Australia92Mark Viduka
46%
Ghana30Jordan Ayew
45%
Switzerland22Xherdan Shaqiri
44%
Liberia4George Weah
40%
Venezuela36Salomón Rondón
35%
Albania7Armando Broja
31%
Kenya10Victor Wanyama
31%
Israel31Yossi Benayoun
29%
Italy66Paolo di Canio
27%
Nigeria95Yakubu
27%
Zambia8Patson Daka
26%
Belarus8Alexander Hleb
25%
Burkina Faso9Bertrand Traoré
25%
Montengero8Stevan Jovetić
25%
Paraguay26Roque Santa Cruz
22%
Sweden48Freddie Ljungberg
20%
Angola4Hélder Costa
18%
Estonia1Ragnar Klavan
17%
Japan14Shinji Okazaki
17%
South Africa37Benni McCarthy
16%
Peru49Nolberto Solano
16%
Russia43Andrei Kanchelskis
13%
Poland7Jan Bednarek
13%
Finland34Mikael Forssell
12%
Costa Rica50Paulo Wanchope
12%
Scotland68Duncan Ferguson
10%
Latvia42Marians Pahars
10%
Croatia29Nikica Jelavić
10%
Burundi23Saido Berahino
10%
Benin25Stéphane Sessègnon
10%
Mali43Frédéric Kanouté
9%
Czech Republic38Patrik Berger
8%
Bermuda13Shaun Goater
8%
Grenada36Jason Roberts
7%
Gambia1Modou Barrow
7%
Turkey34Muzzy Izzet
7%
Hungary17Zoltán Gera
7%
Romania23Dan Petrescu
6%
Colombia44Juan Pablo Ángel
6%
Ukraine10Serhiy Rebrov
6%
Canada35Tomasz Radzinski
6%
Honduras4Maynor Figueroa
5%
Tanzania1Mbwana Samatta
5%
Equatorial Guinea3Pedro Obiang
5%
Zimbabwe34Peter Ndlovu
5%
China3Su Jihai
4%
Gibraltar9Danny Higginbotham
3%
Barbados11Emmerson Boyce
3%
Cameroon16Joseph-Désiré Job
3%
Sierra Leone1Kei Kamara
3%
Curaçao6Leandro Bacuna
3%
DR Congo24Lomana LuaLua
3%
Slovenia4Robert Koren
3%
Montserrat36Ruel Fox
3%
Slovakia23Szilárd Németh
3%
Iran5Ashkan Dejagah
2%
Northern Ireland33Iain Dowie
2%
Georgia8Temuri Ketsbaia
2%
St Kitts & Nevis1Bobby Bowry
1%
Guyana28Carl Cort
1%
Congo Republic16Chris Samba
1%
North Macedonia4Gjorgji Hristov
1%
Morocco16Hassan Kachloul
1%
Antigua & Barbuda2Mikele Leigertwood
1%
Tunisia8Radhi Jaïdi
1%
Greece20Stelios Giannakopoulos
1%
Guinea8Titi Camara
1%

Score Distribution

Percentile by Number Answered

Percent of People with Each Score

Your Score History

You have not taken this quiz since the last reset